LEADER 01882nam2 22004093i 450 001 VAN00295076 005 20251114014846.788 017 70$2N$a9783030893408 100 $a20250617d2022 |0itac50 ba 101 $aeng 102 $aCH 105 $a|||| ||||| 181 $ai$b e 182 $ab 183 $acr 200 0 $a1 $favindra Kumar Kesari, Shubhadeep Roychoudhury editors. 210 $aham $cpringer,$d022. 215 $aII, 379 p. $cll. $d4 cm 410 1$1001VAN00064096$12001 $aAdvances in Experimental Medicine and Biology$1210 $aNew York$cPlenum$d2003-$v1358 461 1$1001VAN00295074$12001 $aˆA ‰Comprehensive Update on Male Infertility$fKavindra Kumar Kesari, Shubhadeep Roychoudhury editors$1210 $aCham$cSpringer$d2022$1215 $a2 volumi$cill.$d24 cm$v1 620 $aCH$dCham$3VANL001889 676 $a612$cFisiologia umana$v22 676 $a571.6$cBiologia cellulare$v22 702 1$aKesari$bKavindra K.$3VANV248997 702 1$aRoychoudhury$bShubhadeep$3VANV251089 712 $aSpringer $3VANV108073$4650 790 1$aKesari, Kavindra Kumar$zKesari, Kavindra K.$3VANV248998 790 1$aKesari, K. K.$zKesari, Kavindra K.$3VANV248999 790 1$aKesari, K.K.$zKesari, Kavindra K.$3VANV249000 801 $aIT$bSOL$c20251121$gRICA 856 4 $uhttps://link.springer.com/book/10.1007/978-3-030-89340-8$zE-book - Accesso al full-text attraverso riconoscimento IP di Ateneo, proxy e/o Shibboleth 899 $aBIBLIOTECA DEL DIPARTIMENTO DI SCIENZE E TECNOLOGIE AMBIENTALI BIOLOGICHE E FARMACEUTICHE$1IT-CE0101$2VAN17 912 $fN 912 $aVAN00295076 950 $aBIBLIOTECA DEL DIPARTIMENTO DI SCIENZE E TECNOLOGIE AMBIENTALI BIOLOGICHE E FARMACEUTICHE$d17CONS e-book 2396 $e17BIB2396/359 359 20250617 996 $a1$961339 997 $aUNICAMPANIA